| 000 | 00428nam a2200169Ia 4500 | ||
|---|---|---|---|
| 008 | 240729s9999 xx 000 0 und d | ||
| 022 | _a1349-6476 | ||
| 245 | 0 | _aSOLA | |
| 260 | _aJapan | ||
| 260 | _bMeteorologial Society of Japan | ||
| 650 | _a Meteorology. Climatology | ||
| 650 | _a Physics | ||
| 650 | _aScience | ||
| 856 | _uhttps://doaj.org/toc/ca9c763070c949bc9b7f1d0c95ea5c33 | ||
| 942 | _2ddc | ||
| 942 | _cDOAJEJ | ||
| 999 |
_c73090 _d73090 |
||
| 945 |
_a1 _bMadushi Gamage _c1 _dMadushi Gamage |
||